000 00667nam a2200241 i 4500
001 C2-0115794
003 PPAK
005 20180727105423.0
008 970716s1995 my |||| ||||| | may d
020 _a9836244328
040 _aPPAK
_beng
_cPPAK
_erda
082 0 4 _a371.27
_223
090 0 0 _a371.27
_bMOK
_dG
100 0 _aMokhtar Ismail,
_eauthor
245 1 0 _apenilaian di bilik darjah
264 1 _aKuala Lumpur :
_bDewan Bahasa dan Pustaka ,
_c1995
300 _axiii, 315 pages ;
_c22 cm
336 _2rdacontent
_atext
337 _2rdamedia
_aunmediated
338 _2rdacarrier
_avolume
650 1 0 _aClassrom environment - Evalution
942 _ddc
_cB
999 _c30126
_d30126